000 01793nam a2200301 a 4500
001 000013503
003 DO-SdBNP
005 20230717124651.0
007 ta
008 091125s2002 dr a 000 0 spa d
020 _a9993431141
040 _aDO-SdBNP
_bspa
_cBPMSU
082 4 _a972.93053
_bO69i 2002
_222
245 0 4 _aLos orígenes de la ideología trujillista /
_ceditor Diógenes Céspedes ; Juan Bosch ... [et al.].
260 _aSanto Domingo :
_bBNPHU,
_c2002.
300 _a227 p. :
_bil. ;
_c21 cm.
490 0 _aMonográfica "Para la Libertad",
_v2
500 _aIncluye referencias bibliográficas y notas al pie de las páginas
505 0 _aUn artículo de septiembre de 1929
_rJuan Bosch --
_tPárrafos /
_rpor G. Despradel Batista --
_tUna síntesis de la Conferencia del Dr. Max Henríquez Ureña --
_tFuerza no, razón y justicia /
_rpor G. Despradel Batista --
_tRéplica del Dr. Max Henríquez Ureña a los conceptos vertidos por el Sr. Guido Despradel Batista --
_tContra réplica del Sr. Guido Despradel Batista a la carta del Dr. Max Henríquez Ureña --
_tCartilla cívica para el pueblo dominicano /
_rRafael L. Trujillo --
_tEl ideario de Rodó en el trujillismo /
_rArístides Incháustegui --
_tLa ideología trujillista /
_rDiógenes Céspedes --
_tEl efecto Rodó : nacionalismo idealista vs. nacionalismo práctico. Los intelectuales antes de y bajo Trujillo/
_rDiógenes Céspedes.
590 _aInventariado, 2023/VM
600 1 4 _aTrujillo Molina, Rafael Leônidas ,
_d1891-1961
_xFilosofía
650 4 _aPensamiento político y social
651 4 _aRepública Dominicana
_xPolítica Y Gobierno
_y1930-1961
700 1 _a Bosch, Juan,
_d1909-2001
_91
700 1 _aCéspedes, Diógenes,
_d1941-
_eed.
910 _aVMateo V.. Control de calidad BPMSU
942 _2ddc
_cBK
999 _c14426
_d14426